| 000 | 01165nam a2200301 a 4500 | ||
|---|---|---|---|
| 001 | 000042025 | ||
| 005 | 20201002035907.0 | ||
| 008 | 131107s1984 sp ac 000 0bspa d | ||
| 020 | _a8434581531 | ||
| 040 |
_aDO-SdBNP _bspa _cBNPHU |
||
| 082 |
_a923.242 _bC563M |
||
| 100 | 1 |
_aMoorehead, Allan, _d1910-1983. _968979 |
|
| 240 | 1 | 0 |
_aChurchill, and his word _lspa |
| 245 | 1 | 0 |
_aChurchill / _cAlan Moorehead, H. B. D. Kettlewell; traducción de Pilar Bosque Sendra; prólogo José Mª. de Areilza. |
| 260 |
_aBarcelona : _bSalvat, _c1984. |
||
| 300 |
_a190 p. : _bil., retrs. ; _c20 cm. |
||
| 490 | 1 |
_aBiblioteca Salvat de grandes biografía; _v8 |
|
| 500 | _aTraducido del inglés | ||
| 504 | _aBibliografía : p. 190 | ||
| 600 | 1 | 4 |
_aCHURCHILL, WINSTON, _d1874-1965 _96780 |
| 650 | 4 |
_aPrimer ministro _zGran Bretaña _vBIOGRAFÍAS _968980 |
|
| 651 | 4 |
_aGran Bretaña _xPolítica Y Gobierno _ySIGLO XX _968981 |
|
| 700 | 1 | 2 |
_aKettlewell, H. B. D. _968982 |
| 700 | 1 | 2 |
_aBosque Sendra, Pilar _etr. _968983 |
| 700 | 1 | 2 |
_aAreilza, José Mª. de _epról. _968984 |
| 830 | 0 |
_aBiblioteca Salvat de grandes biografia _n8 _968985 |
|
| 910 | _aValidado. Control de calidad MFF | ||
| 999 |
_c41514 _d41514 |
||